000 00923nas a2200289 4500
001 BR2014006253
003 BR-BrBNA
005 20231205124602.0
007 ta
008 230509b bl.|||p| |||| 00| 00por d
040 _aBR-BrBNA
_bpor
_cBiblioteca Nacional de Agricultura
041 _a(Pt)
072 _aN10
100 1 _aBarnabé, J.M.C.
100 1 _aPandorfi, H.
100 1 _aAlmeida, G.L.P. de
100 1 _aGuiselini, C.
100 1 _aJacob, A.L.
245 1 _aTemperatura superficial de materiais utilizados para cobertura individual de bezerreiros
650 _aPRODUÇÃO LEITEIRA
650 _aBOVINOCULTURA
650 _aINSTALAÇÃO AGRÍCOLA
650 _aABRIGO PARA ANIMAL
773 0 _tRevista Brasileira de Engenharia Agrícola e Ambiental (Brazil)
_xISSN 1415-4366
_g(May 2014), V. 18(5) p. 545-550
_wBR2014006253
909 _a202311
_bLúcia
_c55
_dLúcia Elande
942 _2AGRIS
_n0
_cANA
999 _c239850
_d239850